NBL or NBA? - Statistics

General Stats
  • This quiz has been taken 22 times
  • The average score is 9 of 10
Answer Stats
Question Answer % Correct
Who is the NBA player? Kevin Durant
100%
Who is the NBA player? Shaedon Sharpe
100%
Who is the NBA player? Austin Reaves
89%
Who is the NBA player? Kevin Love
89%
Who is the NBA player? Kyle Kuzma
89%
Who is the NBA player? Stephon Castle
89%
Who is the NBA player? Tari Eason
89%
Who is the NBA player? Alexandre Sarr
84%
Who is the NBA player? Darius Garland
84%
Who is the NBA player? Jerimiah Fears
84%
No matching quizzes found
Score Distribution
Percent of People with Each Score
Percentile by Number Answered
Your Score History
You have not taken this quiz